00501nam a22002177a 450000500170000001000130001702000100003003500130004003700160005304000120006908200150008110000170009624500510011326000440016427000110020830000200021950000200023965000080025965000130026770000030028020170124110026.0 aA-387083 c00.00 aA-387083 bCen Lib/Ret aDPLbEN a332.1bSUN aSuneja, H.R. aPractice and law of banking /cby H.R. Suneja  bHimalaya publishing houseaBombayc1990 bBombay a597p.c21cm(Hb) aIncludes index  aLaw aBanking